<?xml version="1.0" encoding="UTF-8"?>
<record
    xmlns:xsi="http://www.w3.org/2001/XMLSchema-instance"
    xsi:schemaLocation="http://www.loc.gov/MARC21/slim http://www.loc.gov/standards/marcxml/schema/MARC21slim.xsd"
    xmlns="http://www.loc.gov/MARC21/slim">

  <leader>00541nam a2200217Ia 4500</leader>
  <controlfield tag="008">230125s9999    xx            000 0 und d</controlfield>
  <datafield tag="020" ind1=" " ind2=" ">
    <subfield code="a">9780199454716</subfield>
  </datafield>
  <datafield tag="041" ind1=" " ind2=" ">
    <subfield code="a">eng</subfield>
  </datafield>
  <datafield tag="082" ind1=" " ind2=" ">
    <subfield code="a">302.35</subfield>
    <subfield code="b">KHA</subfield>
  </datafield>
  <datafield tag="100" ind1=" " ind2=" ">
    <subfield code="a">Khanna S</subfield>
    <subfield code="9">118029</subfield>
  </datafield>
  <datafield tag="245" ind1=" " ind2=" ">
    <subfield code="a">Understanding Organizational Behaviour</subfield>
  </datafield>
  <datafield tag="250" ind1=" " ind2=" ">
    <subfield code="a">4th Ed.</subfield>
  </datafield>
  <datafield tag="260" ind1=" " ind2=" ">
    <subfield code="c">2017</subfield>
    <subfield code="b">Oxford University Press</subfield>
    <subfield code="a">New Delhi</subfield>
  </datafield>
  <datafield tag="300" ind1=" " ind2=" ">
    <subfield code="a">687p</subfield>
  </datafield>
  <datafield tag="440" ind1=" " ind2=" ">
    <subfield code="v">5</subfield>
  </datafield>
  <datafield tag="500" ind1=" " ind2=" ">
    <subfield code="a">OB;</subfield>
  </datafield>
  <datafield tag="650" ind1=" " ind2=" ">
    <subfield code="a">Organizational Behaviour</subfield>
  </datafield>
  <datafield tag="700" ind1=" " ind2=" ">
    <subfield code="a">Khanna S</subfield>
    <subfield code="9">118029</subfield>
  </datafield>
  <datafield tag="906" ind1=" " ind2=" ">
    <subfield code="b">29</subfield>
  </datafield>
  <datafield tag="999" ind1=" " ind2=" ">
    <subfield code="c">96006</subfield>
    <subfield code="d">96006</subfield>
  </datafield>
  <datafield tag="952" ind1=" " ind2=" ">
    <subfield code="0">0</subfield>
    <subfield code="1">0</subfield>
    <subfield code="4">0</subfield>
    <subfield code="7">0</subfield>
    <subfield code="a">HIMR</subfield>
    <subfield code="b">HIMR</subfield>
    <subfield code="d">2018-03-22</subfield>
    <subfield code="e">Pritam Book Centre</subfield>
    <subfield code="g">625.00</subfield>
    <subfield code="i">10585</subfield>
    <subfield code="l">0</subfield>
    <subfield code="o">302.35 KHA B17101</subfield>
    <subfield code="p">HIMR-BK-17101</subfield>
    <subfield code="r">2023-01-25 00:00:00</subfield>
    <subfield code="v">596.00</subfield>
    <subfield code="w">2018-03-19</subfield>
    <subfield code="y">BK</subfield>
    <subfield code="z">B17101</subfield>
  </datafield>
  <datafield tag="952" ind1=" " ind2=" ">
    <subfield code="0">0</subfield>
    <subfield code="1">0</subfield>
    <subfield code="4">0</subfield>
    <subfield code="7">0</subfield>
    <subfield code="a">HIMR</subfield>
    <subfield code="b">HIMR</subfield>
    <subfield code="d">2018-03-22</subfield>
    <subfield code="e">Pritam Book Centre</subfield>
    <subfield code="g">625.00</subfield>
    <subfield code="i">10585</subfield>
    <subfield code="l">0</subfield>
    <subfield code="o">302.35 KHA B17102</subfield>
    <subfield code="p">HIMR-BK-17102</subfield>
    <subfield code="r">2023-01-25 00:00:00</subfield>
    <subfield code="v">596.00</subfield>
    <subfield code="w">2018-03-19</subfield>
    <subfield code="y">BK</subfield>
    <subfield code="z">B17102</subfield>
  </datafield>
  <datafield tag="952" ind1=" " ind2=" ">
    <subfield code="0">0</subfield>
    <subfield code="1">0</subfield>
    <subfield code="4">0</subfield>
    <subfield code="7">0</subfield>
    <subfield code="a">HIMR</subfield>
    <subfield code="b">HIMR</subfield>
    <subfield code="d">2018-03-22</subfield>
    <subfield code="e">Pritam Book Centre</subfield>
    <subfield code="g">625.00</subfield>
    <subfield code="i">10585</subfield>
    <subfield code="l">1</subfield>
    <subfield code="o">302.35 KHA B17103</subfield>
    <subfield code="p">HIMR-BK-17103</subfield>
    <subfield code="r">2023-02-22 00:00:00</subfield>
    <subfield code="s">2023-02-22</subfield>
    <subfield code="v">596.00</subfield>
    <subfield code="w">2018-03-19</subfield>
    <subfield code="y">BK</subfield>
    <subfield code="z">B17103</subfield>
  </datafield>
  <datafield tag="952" ind1=" " ind2=" ">
    <subfield code="0">0</subfield>
    <subfield code="1">0</subfield>
    <subfield code="4">0</subfield>
    <subfield code="7">0</subfield>
    <subfield code="a">HIMR</subfield>
    <subfield code="b">HIMR</subfield>
    <subfield code="d">2018-03-22</subfield>
    <subfield code="e">Pritam Book Centre</subfield>
    <subfield code="g">625.00</subfield>
    <subfield code="i">10585</subfield>
    <subfield code="l">0</subfield>
    <subfield code="o">302.35 KHA B17104</subfield>
    <subfield code="p">HIMR-BK-17104</subfield>
    <subfield code="r">2023-01-25 00:00:00</subfield>
    <subfield code="v">596.00</subfield>
    <subfield code="w">2018-03-19</subfield>
    <subfield code="y">BK</subfield>
    <subfield code="z">B17104</subfield>
  </datafield>
  <datafield tag="952" ind1=" " ind2=" ">
    <subfield code="0">0</subfield>
    <subfield code="1">0</subfield>
    <subfield code="4">0</subfield>
    <subfield code="7">3</subfield>
    <subfield code="a">HIMR</subfield>
    <subfield code="b">HIMR</subfield>
    <subfield code="d">2018-03-22</subfield>
    <subfield code="e">Pritam Book Centre</subfield>
    <subfield code="g">625.00</subfield>
    <subfield code="i">10585</subfield>
    <subfield code="o">302.35 KHA B17105</subfield>
    <subfield code="p">HIMR-BK-17105</subfield>
    <subfield code="r">2023-01-25 00:00:00</subfield>
    <subfield code="v">596.00</subfield>
    <subfield code="w">2018-03-19</subfield>
    <subfield code="y">BK</subfield>
    <subfield code="z">B17105</subfield>
  </datafield>
  <datafield tag="952" ind1=" " ind2=" ">
    <subfield code="0">0</subfield>
    <subfield code="1">0</subfield>
    <subfield code="4">0</subfield>
    <subfield code="7">0</subfield>
    <subfield code="a">HIMR</subfield>
    <subfield code="b">HIMR</subfield>
    <subfield code="d">2020-02-07</subfield>
    <subfield code="e">Forward Books</subfield>
    <subfield code="g">810.00</subfield>
    <subfield code="i">11189</subfield>
    <subfield code="l">0</subfield>
    <subfield code="o">302.35 KHA B19699</subfield>
    <subfield code="p">HIMR-BK-19699</subfield>
    <subfield code="r">2023-01-25 00:00:00</subfield>
    <subfield code="v">583.20</subfield>
    <subfield code="w">2023-01-25</subfield>
    <subfield code="y">BK</subfield>
    <subfield code="z">B19699</subfield>
  </datafield>
</record>
